000 00556nam a2200205 a 4500
001 83590
003 BD-RjUL
005 20240606102350.0
008 240425r19631928enk 000 0 eng d
035 _a(BD-RjUL)83590
040 _aHUJI
_beng
_cBD-RjUL
041 0 _aeng
082 _223
_a823
_bHUP 1954
100 1 _aHuxley, Aldous,
_d1894-1963
_910982
245 1 0 _aPoint counter point :
_ba novel.
260 _aLondon :
_bChatto and Windus,
_c1928 [reprinted 1954,1963]
300 _a601 pages.
_c18cm.
650 _aEnglish fiction
942 _2ddc
_cBK
999 _c83590
_d83590